000 00697nam a2200217Ia 4500
003 GCL
008 140319s9999 xx 000 0 ara d
040 _aGCL /
_cGCL
082 0 4 _a813.07
_bع د
100 1 _aعبدالمنعم الجداوى
245 1 0 _aدماء على عقد عمل:الذين سافروا أملا وعادوا فشلا /
_cعبدالمنعم الجداوى
260 _a[S.N] :
_bمكتبة التراث الاسلامى ،
_c1992
300 _a157 ص
490 _a
650 0 4 _aالقصص القصيرة
650 0 4 _aالقصص
650 0 4 _aالجريمة
650 0 4 _aالمجرمون
650 0 4 _aالاخلاق الاجتماعية
942 _2ddc
_cBK
999 _c30512
_d30512